000 01044cam a2200265 a 4500
001 000014702
005 20200929163905.0
008 030317s2001 mx b 001 0 spa
020 _a9707020156
040 _aDO-SdBNP
_bspa
_cDLC
_dBNPHU
082 _a320.972
_bR696e
100 1 _aRodríguez Ledesma, Xavier,
_d1960-
_933336
245 1 0 _aEscritores y poder :
_bla dualidad republicana en México, 1968-1994 /
_cXavier Rodríguez Ledesma.
260 _aMéxico :
_bUniversidad Pedagógica Nacional,
_bFondo Nacional para la Cultura y las Artes,
_c2001.
300 _a327 p. ;
_c22 cm.
490 1 _aTextos ;
_v19
504 _aIncluye referencias bibliográficas (p. 305-315).
650 4 _aIntelectuales
_xActividad política
_zMéxico
_y1968-1994
_933337
651 4 _aMéxico
_xPolítica Y Gobierno
_y1968-1994
_933338
651 4 _aMéxico
_xVida Intelectual
_y1968-1994
_933339
650 4 _aLiteratura mexicana
_ySIGLO XX
_xHistoria y crítica
_914194
830 0 _aTextos ;
_v19
_914460
910 _aCatalogación derivada
049 _aBNGR
999 _c14285
_d14285